000 00444nmm a2200157Ia 4500
008 251105s9999||||xx |||||||||||||||||und||
020 _a9789562845830
041 _aspa
100 _aValdovinos, Mario
245 0 _aTardes deportivas
264 _a[Santiago de Chile, Chile] :
_bRil editores,
_c2007
300 _a88 páginas
650 _aLatin American narrative
856 _uhttps://public.digitaliapublishing.com/a/29718
942 _cCF
999 _c94405
_d94405